| 000 | 00469nam a2200133Ia 4500 | ||
|---|---|---|---|
| 008 | 260210s9999 xx 000 0 und d | ||
| 024 | _a09B-165-EE, 09B-119-EE, 09B-70-EE & 08B-110-EE | ||
| 082 | _a629.83072 KHU | ||
| 100 | _aKhuram Shehzad, Sameer Shahid, Rayees Khan & Dhani Baksh Bugti | ||
| 245 | 0 | _aEnergy Efficient Torque Control System | |
| 260 |
_aKarachi: _bUITU, _c2009 |
||
| 600 | _aElectronic Engineering | ||
| 650 | _aBachelor of Engineering (BE) | ||
| 999 |
_c33067 _d33067 |
||